000 00559nam a2200181Ia 4500
008 090123s9999 xx 000 0 und d
082 _b16745
_a891.463/रायक
100 _aरायकर प्रतिभा
245 _aदुर दुर
250 _a1
260 _bप्रियदर्शनी प्रकाशन
_c1988
300 _a163
600 _aरायकर प्रतिभा
630 _aदुर दुर
700 _aरायकर प्रतिभा
730 _aदुर दुर
942 _cBOOK
999 _c54808
_d54808